Density formula packs them in. (Record no. 61338)

MARC details
000 -LEADER
fixed length control field 00907cam a2200193 4500
001 - CONTROL NUMBER
control field WB3528-47
008 - FIXED-LENGTH DATA ELEMENTS--GENERAL INFORMATION
fixed length control field 000000n1999 000 0 eng u
035 ## - SYSTEM CONTROL NUMBER
System control number (Sirsi) u102313
245 ## - TITLE STATEMENT
Title Density formula packs them in.
260 ## - PUBLICATION, DISTRIBUTION, ETC.
Date of publication, distribution, etc. 1999
490 ## - SERIES STATEMENT
Series statement Building Design
Volume/sequential designation (1404) 16 July 1999, 1(1)
520 ## - SUMMARY, ETC.
Summary, etc. Llewelyn-Davies has devised a matrix for calculating suitable densities for different urban locations. It recommends densities of up to 900 habitable rooms per hectare in central locations, almost four times higher than the present recommended maximum of 250. This will be published as part of a report for London Planning Advisory Committee, Sustainable residential quality (large sites).
650 ## - SUBJECT ADDED ENTRY--TOPICAL TERM
Topical term or geographic name entry element LPAC
650 ## - SUBJECT ADDED ENTRY--TOPICAL TERM
Topical term or geographic name entry element LONDON PLANNING ADVISORY COMMITTEE
650 ## - SUBJECT ADDED ENTRY--TOPICAL TERM
Topical term or geographic name entry element SUSTAINABLE DEVELOPMENT
650 ## - SUBJECT ADDED ENTRY--TOPICAL TERM
Topical term or geographic name entry element RESIDENTIAL DEVELOPMENT
690 ## - LOCAL SUBJECT ADDED ENTRY--TOPICAL TERM (OCLC, RLIN)
Topical term or geographic name as entry element PLANNING LAW AND PRACTICE
942 ## - ADDED ENTRY ELEMENTS (KOHA)
Suppress in OPAC 0
Holdings
Withdrawn status Lost status Source of classification or shelving scheme Damaged status Not for loan Home library Current library Shelving location Date acquired Total Checkouts Full call number Barcode Date last seen Copy number Price effective from Koha item type
    Dewey Decimal Classification     London London News article 19/11/1999   WB3528-47 102313-1001 06/08/2019 1 06/08/2019 News article